00282 a2200097 450000100060000008200120000610000320001824500770005026000410012730000160016886996 a031 STA aStadandard Educational Corp aNew standard encyclopedia Vol 4btermite affected withdrawn from shelves aStandard Educational CorpbUSAc1988 axxxv, 416 p